[Event "Wch U10 rapid"]
[Site "Minsk"]
[Date "2018.06.22"]
[Round "1"]
[White "Rogov, Ivan Yu"]
[Black "Zubar, Volodymyr"]
[Result "0-1"]
[WhiteElo "1157"]
[BlackElo "1738"]
[PlyCount "46"]
[EventDate "2018.06.22"]
[EventType "swiss (rapid)"]
[EventRounds "9"]
[EventCountry "BLR"]
[SourceTitle "EXT 2019"]
[Source "ChessBase"]
[SourceDate "2018.10.10"]
[SourceVersion "1"]
[SourceVersionDate "2018.10.10"]
[SourceQuality "1"]

1. d4 Nf6 2. c4 g6 3. Nc3 d5 4. Nf3 Bg7 5. e3 0-0 6. Be2 c5 7. dxc5 Qa5 8. 0-0 Qxc5 9. cxd5 Rd8 10. h3 Nc6 11. e4 e6 12. Bg5 Ne7 13. e5 Nfxd5 14. Bxe7 Qxe7 15. Nxd5 Rxd5 16. Qc2 b6 17. Qc6 Bb7 18. Qc3 Rc8 19. Qe3 Qc5 20. Qxc5 Rcxc5 21. Rfd1 Bxe5 22. Nxe5 Rxe5 23. Rd8+ Kg7 0-1